Zmeny v IFRS s plnou účinnosťou od roku 2015

Informácia o aktuálnych zmenách v IFRS.

Salvato in:
Dettagli Bibliografici
Autore principale: Mokošová, Daša, 1979-
Natura: Capitolo di libro
Lingua:slovacco
Soggetti:
Tags: Aggiungi Tag
Nessun Tag, puoi essere il primo ad aggiungerne!!

MARC

LEADER 00000naa a2200000 4500
001 0201694
005 20240502073410.7
041 0 |a slo 
044 |a SK 
245 1 0 |a Zmeny v IFRS s plnou účinnosťou od roku 2015  |c Daša Mokošová 
520 |a Informácia o aktuálnych zmenách v IFRS. 
610 2 0 |a novelizácia 
610 2 0 |a štandardy účtovné medzinárodné 
610 2 0 |a výkazníctvo finančné 
610 2 0 |a jednotka účtovná 
100 1 |a Mokošová, Daša, 1979-